• 首页
  • 本馆介绍
  • 公告通知
  • 最新文献
  • 馆藏检索
  • 电子资源
  • 读者导购
  • 参考咨询
  • 我的图书馆
  • 登录
  • 详细信息显示
  • 放入我的书架
  • 预约/预借图书
  • 作者相关作品
  • 分类相关作品
  • 丛书相关作品
  • 出版社相关作品

书目信息

  • 表格格式
  • 工作单格式
  • 卡片格式
题名:
网络社会的崛起
    
 
作者: 曼纽尔·卡斯特 著 ;夏铸九 , 王志弘 译
分册:  
出版信息: 北京   社会科学文献出版社  2001
页数: 632页
开本: 21cm
丛书名: 信息时代三部曲:经济、社会与文化
单 册:
中图分类: F062.5
科图分类:
主题词: 信息技术--社会影响--研究
电子资源:
ISBN: 7-80149-532-2
000 00788nam0 2200241 45
001 0211041684
005 20031219104059.8
010    @a7-80149-532-2@dCNY45.00
100    @a20021104d2001 km y0chiy0120 ea
101 0  @achi
105    @ak z 000yy
200 1  @a网络社会的崛起@AWang Luo She Hui De Jue Qi@f曼纽尔·卡斯特著@FMan Niu Er·Ka Si Te Zhu@g夏铸九,王志弘译
210    @a北京@c社会科学文献出版社@d2001
215    @a632页@d21cm
225    @a信息时代三部曲:经济、社会与文化@h第一卷
410    @12001 @a信息时代三部曲:经济、社会与文化
606 0  @a信息技术@x社会影响@x研究
690    @aF062.5@v4
701  0 @a曼纽尔·卡斯特@4著
702  0 @a夏铸九@AXia Zhu Jiu@4译
702  0 @a王志弘@AWang Zhi Hong@4译
801    @aCN@bTSTC@c20021104
905    @b316784-791@dF062.5@e27@f8
    
    网络社会的崛起/曼纽尔·卡斯特著/夏铸九,王志弘译.-北京:社会科学文献出版社,2001
    632页;21cm.-(信息时代三部曲:经济、社会与文化.第一卷)
    
    
    ISBN 7-80149-532-2:CNY45.00
    
●
相关链接 在E读中查询图书 在五车中查询图书 在当当中查询图书 在豆瓣中查询图书


正题名:网络社会的崛起     索取号:F062.5/27         预约/预借

序号 登录号 条形码 馆藏地/架位号 状态 备注
1 0316784   203167848   密集书库/ [索取号:F062.5/27] 在馆    
2 0316785   203167857   第一借阅区/ [索取号:F062.5/27] 在馆    
3 0316786   203167866   密集书库/ [索取号:F062.5/27] 在馆    
4 0316787   203167875   第一借阅区/ [索取号:F062.5/27] 在馆    
5 0316788   203167884   第一借阅区/ [索取号:F062.5/27] 在馆    
6 0316789   203167893   密集书库/ [索取号:F062.5/27] 在馆    
7 0316790   203167900   第一借阅区/ [索取号:F062.5/27] 在馆    
8 0316791   203167919   第一样本阅览室/ [索取号:F062.5/27] 在馆    
唐山师范学院图书馆 欢迎您!
大连网信软件有限公司© 版权所有